Statistiques concernant Associez le Dieu Romain au Dieu Grec - Clic Quiz

Cliquez ici pour prendre le quiz!

Statistiques générales

  • Ce quiz a été pris 15 081 fois
  • Le résultat moyen est 13 sur 25

Statistiques - réponses

HintRéponse% Correct
ApollonApollon
82%
JupiterZeus
77%
VénusAphrodite
74%
HerculeHéraclès
71%
NeptunePoséidon
69%
MarsArès
67%
BacchusDionysos
65%
TerraGaïa
62%
ProserpinePerséphone
61%
VulcainHéphaïstos
56%
DianeArtémis
55%
CupidonÉros
54%
JunonHéra
48%
MinerveAthéna
47%
PlutonHadès
46%
SomnusHypnos
46%
MercureHermès
44%
VictoireNikê
44%
FaunusPan
44%
LunaSéléné
38%
SolHélios
32%
CérèsDéméter
31%
SaturneCronos
30%
AuroreÉos
14%
OpsRhéa
12%

Distribution des résultats

Percentile par nombre de réponses

% des personnes avec chaque résultat

Votre développement - résultats

Vous n’avez pas pris ce quiz